=LDR 00000nam 2200000 4500 =247 ##$$a =856 ##$$a =700 #$$a =650 #$$a Pengawasan Kolaboratif =520 #$$a Pembangunan infrastruktur masif oleh BUMN/D menghadapi risiko hambatan seperti dispute, klaim, dan cost overrun yang signifikan. Penyebab: Kurangnya pemahaman pelaksana proyek mengenai substansi permasalahan hambatan kelancaran pembangunan (HKP), kurangnya peran Satuan Pengawasan Intern (SPI), serta minimnya sinergi antara SPI BUMN/D dengan BPKP. =321 ##$$a =310 ##$$a =300 ##$$a 40 hlm. : $b ill. ; $c 30 cm $e =260 ##$$a Jakarta : $b Pusbangkom Pimnas dan Manajerial ASN. ; $c 2024 =001 $a INLIS000000000020906 =245 ##$$a Pengawasan Kolaboratif Hambatan Kelancaran Pembangunan $b $c Sutrisno =100 #$$a Sutrisno =084 ##$$a R 0090 PKN I 2024 =082 ##$$a =035 ##$$a 0010-0526000011 =020 ##$$a =008 $a 260511################g##########0#ind## =005 $a 20260511142110